ბათუმის შოთა რუსთაველის სახელმწიფო უნივერსიტეტის ბიბლიოთეკა

Справочник технолога-машиностроителя. В 2-х томах. Том 1. (ბიბ.ჩანაწერი № 37275)

000 -LEADER
fixed length control field 00702nam a2200205Ia 4500
001 - CONTROL NUMBER
control field 3234
003 - CONTROL NUMBER IDENTIFIER
control field GE_BSU
008 - FIXED-LENGTH DATA ELEMENTS--GENERAL INFORMATION
fixed length control field 181216s||||||||xx |||||||||||||| ||und||
040 ## - CATALOGING SOURCE
Transcribing agency GE_BSU
080 ## - UNIVERSAL DECIMAL CLASSIFICATION NUMBER
Universal Decimal Classification number 621.002(035)
245 ## - TITLE STATEMENT
Title Справочник технолога-машиностроителя. В 2-х томах. Том 1.
245 ## - TITLE STATEMENT
Statement of responsibility, etc. Под. ред. А.Г.Косиловой и Р.К. Мещерякова.
250 ## - EDITION STATEMENT
Edition statement Изд. 4-е, перер. и допол.
260 ## - PUBLICATION, DISTRIBUTION, ETC.
Place of publication, distribution, etc. М.
260 ## - PUBLICATION, DISTRIBUTION, ETC.
Name of publisher, distributor, etc. Машиностроение.
260 ## - PUBLICATION, DISTRIBUTION, ETC.
Date of publication, distribution, etc. 1985.
300 ## - PHYSICAL DESCRIPTION
Extent 656 стр. с илл. 24 см.
653 ## - INDEX TERM--UNCONTROLLED
Uncontrolled term Справочник технолога-машиностроителя
942 ## - ADDED ENTRY ELEMENTS (KOHA)
Koha item type წიგნი
ეგზემპლარები
Withdrawn status Lost status Damaged status Not for loan Date acquired Barcode Date last seen Price effective from Koha item type Public note
        2018-12-17 9823 2018-12-17 2018-12-17 წიგნი დარბაზი
        2018-12-17 9824 2018-12-17 2018-12-17 წიგნი დარბაზი